| 000 | 01328nam a2200301 a 4500 | ||
|---|---|---|---|
| 001 | |||
| 003 | (OCoLC) | ||
| 005 | 20240729132303.0 | ||
| 008 | 010417s1995 bg g l o000 0 be d | ||
| 035 | _a(OCoLC) | ||
| 040 |
_a _d _beng/ben _c |
||
| 041 | _aeng/ben | ||
| 082 |
_a346.066/ _bCOM 1995 _222 |
||
| 110 | 2 |
_aবানিজ্য মন্ত্রনালয়, গণপ্রজাতন্ত্রী বাংলাদেশ সরকার _95464 |
|
| 245 | 1 | 0 |
_aকোম্পানী আইন, ১৯৯৪ / _cবানিজ্য মন্ত্রনালয়, গণপ্রজাতন্ত্রী বাংলাদেশ সরকার |
| 246 | _aCompany ain, 1994 | ||
| 260 |
_aঢাকা : _bবানিজ্য মন্ত্রনালয়, _cc১৯৯৫. |
||
| 300 |
_a3704-3995 p. ; _cill. ; 24 cm. |
||
| 505 | _aকোম্পানী আইন, ১৯৯৪, বানিজ্য মন্ত্রনালয়, গণপ্রজাতন্ত্রী বাংলাদেশ সরকার, Company ain, 1994 | ||
| 526 | _aLaw | ||
| 590 | _a | ||
| 650 |
_2 _aCommercial Law _95465 |
||
| 653 | 1 |
_a Corporation Law _a Contracts Law |
|
| 653 | 1 | _aLaw | |
| 856 |
_k0 _l0 _yDownload |
||
| 942 |
_cBK _2ddc _02 |
||
| 999 |
_c7091 _d7091 |
||